Click the South American Flags - Statistics

General Stats
  • This quiz has been taken 3,994 times
  • The average score is 10 of 12
Answer Stats
Hint Answer % Correct
Brazil
96%
Argentina
93%
Chile
89%
Uruguay
87%
Venezuela
86%
Colombia
84%
Peru
84%
Ecuador
80%
Guyana
80%
Suriname
77%
Paraguay
76%
Bolivia
74%
No matching quizzes found
Score Distribution
Percent of People with Each Score
Percentile by Number Answered
Your Score History
You have not taken this quiz